La Restauración de Poblet : memoria del Patronato de Poblet 1955-1960 / por Felío A. Vilarrubias ; pórtico de Pedro Batlle Huguet memoria del Patronato de Poblet 1955-1960 / por Felío A. Vilarrubias ; pórtico de Pedro Batlle Huguet
Descripción Física:
79 p., 2 map. pleg., [7] f. de map. ; 24 cm
Otros Autores:
Batlle Huguet, Pere
MARC
| LEADER | 00000nam a2200000Ia 4500 | ||
|---|---|---|---|
| 001 | 1837 | ||
| 008 | 160829s1961 xx 000 0 cat d | ||
| 080 | |a B-1-346 | ||
| 100 | 1 | |a Vilarrubias Solanes, Felio A. |9 50554 | |
| 245 | |a La Restauración de Poblet : |b memoria del Patronato de Poblet 1955-1960 / por Felío A. Vilarrubias ; pórtico de Pedro Batlle Huguet | ||
| 260 | |a Poblet : |b Abadía de Poblet, |c 1961 | ||
| 300 | |a 79 p., 2 map. pleg., [7] f. de map. ; |c 24 cm | ||
| 590 | |a Bibliografia | ||
| 650 | |a Patronat de Santa Maria de Poblet |x Memòries |9 37058 | ||
| 650 | |a Monestir de Santa Maria de Poblet |x Conservació i restauració |9 32334 | ||
| 700 | |a Batlle Huguet, Pere |9 32520 | ||
| 901 | |a Arxiu | ||
| 942 | |n 1 | ||
| 952 | |0 0 |1 0 |4 0 |6 B1346 |7 1 |9 46016 |a Arxiu |b Arxiu |d 2016-12-01 |l 0 |o B-1-346 |p 1837 |r 2016-12-01 00:00:00 |w 2016-12-01 |y ARXIU | ||
| 999 | |c 49517 |d 49517 | ||